Earliest Animals to be Domesticated - Statistics

General Stats
  • This quiz has been taken 56 times
  • The average score is 12 of 15
Answer Stats
Domesticated Animal Primary type Estimated Domestication Period Origin % Correct
Dog Pet 13,000–34,000 BCE Eurasia
100%
Cow Livestock 8,300 BCE Middle East
98%
Cat Pet 7,500 BCE Middle East
96%
Goat Livestock 8,500 BCE Middle East
93%
Pig Livestock 8,300 BCE Middle East
93%
Sheep Livestock 9,000 BCE Middle East
93%
Horse Work 3,500 BCE Central Asia
91%
Chicken Livestock 2,000 BCE East Asia/Middle East
87%
Arabian Camel Work 1,000 BCE Middle East
73%
Bactrian Camel Work 2,500 BCE Central Asia
73%
Llama Livestock 4,000 BCE South America
73%
Alpaca Livestock 3,000 BCE South America
67%
Duck Livestock 1,000 CE East Asia/Middle East
56%
Turkey Livestock 0 CE North America
56%
Zebu Livestock 6,000 BCE South Asia
22%
No matching quizzes found
Score Distribution
Percent of People with Each Score
Percentile by Number Answered
Your Score History
You have not taken this quiz